Конденсированные фосфаты, соли и алюмосиликаты из минерального сырья Казахстана

Bibliografiset tiedot
Yhteisötekijä: Академия наук Казахской ССР (АН КазССР)
Muut tekijät: Джурумбаев А. И. (редактор)
Kieli:venäjä
Julkaistu: Алма-Ата, Наука КазССР, 1990
Sarja:Труды института химических наук
Aiheet:
Aineistotyyppi: Kirja
KOHA link:https://koha.lib.tpu.ru/cgi-bin/koha/opac-detail.pl?biblionumber=169580

MARC

LEADER 00000nam0a2200000 4500
001 169580
005 20231031163456.0
010 |a 5628004367 
020 |a RU  |b 90-44351ж 
035 |a (RuTPU)RU\TPU\book\183941 
090 |a 169580 
100 |a 20091114a1990 k y0rusy5003 ca 
101 0 |a rus 
102 |a RU 
105 |a a z 001zy 
200 1 |a Конденсированные фосфаты, соли и алюмосиликаты из минерального сырья Казахстана  |f Академия наук Казахской ССР (АН КазССР); под ред. А. И. Джурумбаева 
210 |a Алма-Ата  |c Наука КазССР  |d 1990 
215 |a 159 с.  |c граф. 
225 1 |a Труды института химических наук  |h Т. 72 
320 |a Библиогр. в конце статей 
610 1 |a минеральное сырье 
610 1 |a Казахстан 
610 1 |a фосфаты 
610 1 |a соли 
610 1 |a алюмосиликаты 
610 1 |a состав 
610 1 |a свойства 
610 1 |a исследования 
675 |a 661  |v 3 
702 1 |a Джурумбаев  |b А. И.  |4 340 
712 0 2 |a Академия наук Казахской ССР (АН КазССР)  |c (Алма-Ата)  |2 stltpush  |3 (RuTPU)RU\TPU\col\4941 
801 0 |a RU  |b RuMRKP  |c 19950417  |g psbo 
801 1 |a RU  |b 63413507  |c 20091114 
801 2 |a RU  |b 63413507  |c 20100705  |g RCR 
942 |c BK